| 000 | 01783 a2200301 4500 | ||
|---|---|---|---|
| 001 | 48767 | ||
| 005 | 20260407155753.0 | ||
| 008 | 260407a1967 arg spa d | ||
| 003 | AR-UNSa-BCEJYS | ||
| 040 |
_aAR-UNSa-BCEJYS _bspa _cAR-UNSa-BCEJYS |
||
| 080 |
_a338.45 _xIndustria como sector económico. Producción comercial, industrial |
||
| 245 | 1 | 0 | _aLos empresarios y la integración de américa latina |
| 264 | 1 |
_aBuenos Aires : _bInstituto para la Integración de América Latina (INTAL) _c1967 |
|
| 300 |
_a163 p. _c23 cm. |
||
| 505 | _a1. Empresario, integración y desarrollo / Aldo Ferrer - 2. Experiencias y perspectivas de las reuniones sectoriales y de los acuerdos de complementación (ALALC) / Elvio Baldinelli - 3. El empresario y la industrialización en el proceso de integración centroamericana / Manuel Noriega Morales - 4. El aporte a la integración latinoamericana / José Zabala - 5. El papel que juega el capital extranjero en América Latina / André Van Dam - 6. La escuela de administración de empresas en la integración latinoamericana / Antonio Angarita Silva, Ary Bouzan y Carlos Omar Bertero - 7. Algunas observaciones acerca de la industrialización y la integración en América Latina / Marco D. Pollner - 8. Algunas notas sobre la experiencia industrial brasileña / Justo Pinheiro Da Fonseca - 9. La integración como instrumento de desarrollo / José María Aragao. | ||
| 942 | _cBK | ||
| 590 | _aniveau_biblio:m niveau_hierar:0 | ||
| 100 | 1 | _aFerrer, Aldo | |
| 700 | 1 | _aBaldinelli, E. | |
| 700 | 1 | _aNoriega Morales, M. | |
| 700 | 1 | _aZabala, J. | |
| 700 | 1 | _aAngarita Silva, A. | |
| 700 | 1 | _aBouzan, A. | |
| 700 | 1 | _aBertero, C.O. | |
| 700 | 1 | _aPollner, M.D. | |
| 700 | 1 | _aPinheiro da Fonseca, J. | |
| 700 | 1 | _aAragao, J.M. | |
| 999 |
_c4704 _d4704 |
||